[Event "Int. Championship of Central Serbia - OP"]
[Site "Paracin"]
[Date "2011.07.13"]
[Round "7.1"]
[White "Tomic, Slobodan"]
[Black "Hrenic, Misa"]
[Result "0-1"]
[WhiteElo "2082"]
[BlackElo "2044"]
[Annotator "Milojevic,Boban"]
[PlyCount "106"]
[EventDate "2011.07.08"]

1. d4 Nf6 2. c4 e6 3. Nf3 b6 4. g3 Ba6 5. Qc2 Bb7 6. Bg2 Bb4+ 7. Bd2 Bxd2+ 8.
Nbxd2 O-O 9. O-O d6 10. e4 c6 11. e5 Ne8 12. b4 h6 13. a4 Na6 14. b5 Nb4 15.
Qb1 c5 16. Rd1 Qc7 17. Ra3 Rd8 18. Nf1 Bxf3 19. Bxf3 dxe5 20. dxe5 Rxd1 21.
Qxd1 Qxe5 22. Re3 Qc7 23. Re2 Nd6 24. Ne3 Rd8 25. Rd2 Nb7 26. Rxd8+ Nxd8 27.
Kg2 Nb7 28. Bxb7 Qxb7+ 29. f3 Qc7 30. Ng4 f6 31. Qd2 Kf7 32. h4 h5 33. Nf2 Ke7
34. Ne4 Qe5 35. Qe3 Nc2 36. Qd2 Nd4 37. a5 Nb3 38. Qd3 Nxa5 39. Nf2 f5 40. f4
Qd4 41. Qf3 Nxc4 42. Qxh5 Ne3+ 43. Kh2 Nd5 44. Kg2 Ne3+ 45. Kh2 Nd5 46. Kg2
Ne3+ 47. Kf3 Nd5 48. Qh8 Nc3 49. h5 Nxb5 50. Kg2 Nd6 51. Qb8 Nb5 52. Qg8 c4 53.
Nh3 Qb2+ {...necitko} 0-1

[Event "Int. Championship of Central Serbia - OP"]
[Site "Paracin"]
[Date "2011.07.13"]
[Round "7.2"]
[White "Jaklin, Damir"]
[Black "Majstorovic, Dusan"]
[Result "0-1"]
[WhiteElo "1984"]
[BlackElo "2067"]
[PlyCount "70"]
[EventDate "2011.07.08"]

1. d4 d5 2. c4 e6 3. Nc3 Nf6 4. cxd5 exd5 5. Bg5 Bb4 6. e3 c6 7. Qc2 Nbd7 8.
Bd3 Qa5 9. Nge2 O-O 10. O-O Re8 11. Bh4 Bd6 12. Bg3 Bxg3 13. Nxg3 Nf8 14. a3
Ne6 15. b4 Qd8 16. Rfd1 g6 17. Na4 Ng5 18. Rac1 Nge4 19. Nc5 Nxg3 20. hxg3 a6
21. a4 Ng4 22. Be2 Qg5 23. Bxg4 Qxg4 24. Re1 h5 25. Qe2 Qg5 26. b5 axb5 27.
axb5 h4 28. gxh4 Qxh4 29. f4 Kg7 30. bxc6 bxc6 31. Qf2 Qh5 32. Ra1 Rh8 33. Kf1
Rb8 34. Ra7 Bf5 35. Qg3 Rb2 0-1

[Event "Int. Championship of Central Serbia - OP"]
[Site "Paracin"]
[Date "2011.07.13"]
[Round "7.3"]
[White "Arandjelovic, Aleksandar Z"]
[Black "Milosavljevic, Milica"]
[Result "1-0"]
[WhiteElo "2065"]
[BlackElo "1881"]
[PlyCount "77"]
[EventDate "2011.07.08"]

1. d4 Nf6 2. c4 g6 3. Nc3 Bg7 4. e4 d6 5. f3 e5 6. d5 Nh5 7. Be3 O-O 8. Qd2 f5
9. exf5 gxf5 10. O-O-O a6 11. Bd3 Nd7 12. Nge2 Rb8 13. Bg5 Bf6 14. h4 Nc5 15.
Bc2 b5 16. b4 Nd7 17. cxb5 Nb6 18. Bb3 axb5 19. g4 fxg4 20. fxg4 Bxg5 21. hxg5
Bxg4 22. Rdg1 Qd7 23. Ne4 Kg7 24. Qc2 Nc4 25. Bxc4 bxc4 26. Nf6 Qf5 27. Qxf5
Bxf5 28. Nxh5+ Kg6 29. Neg3 Bg4 30. Nf6 Bf3 31. Rh2 Rxb4 32. Nxh7 Rfb8 33. Rh6+
Kg7 34. Nf5+ Kg8 35. Nf6+ Kf7 36. Rh7+ Kf8 37. Nd7+ Kg8 38. Rg7+ Kh8 39. Nxb8
1-0

[Event "Int. Championship of Central Serbia - OP"]
[Site "Paracin"]
[Date "2011.07.13"]
[Round "7.4"]
[White "Drobne, Marjan"]
[Black "Blagojevic, Tijana"]
[Result "1-0"]
[WhiteElo "2060"]
[BlackElo "1836"]
[PlyCount "93"]
[EventDate "2011.07.08"]

1. e4 e5 2. Nf3 Nc6 3. d4 exd4 4. Nxd4 Bc5 5. Be3 Qf6 6. c3 Nge7 7. Bc4 Ne5 8.
Be2 Qg6 9. O-O O-O 10. Nd2 d5 11. Bh5 Qf6 12. f4 Nc4 13. Nxc4 dxc4 14. Qe2 g6
15. Bf3 Qb6 16. Rab1 Nc6 17. Nc2 Rd8 18. Qf2 Bxe3 19. Nxe3 Na5 20. Nd5 Qxf2+
21. Kxf2 c6 22. Ne7+ Kf8 23. Nxc8 Raxc8 24. Rbd1 Ke7 25. Bg4 Rb8 26. Ke3 Rd3+
27. Rxd3 cxd3 28. b3 c5 29. Kxd3 c4+ 30. Kc2 h5 31. Bf3 b6 32. Rd1 cxb3+ 33.
axb3 Nb7 34. e5 Nc5 35. b4 Ne6 36. g3 a5 37. bxa5 bxa5 38. Bc6 Nf8 39. c4 Rc8
40. Bd5 Rc7 41. Ra1 Ra7 42. Kb3 Nd7 43. Ka4 g5 44. Kb5 gxf4 45. gxf4 a4 46. c5
Rc7 47. c6 1-0

[Event "Int. Championship of Central Serbia - OP"]
[Site "Paracin"]
[Date "2011.07.13"]
[Round "7.5"]
[White "Mirkovic, Dejan"]
[Black "Radovanovic, Miroljub B"]
[Result "1-0"]
[WhiteElo "1903"]
[BlackElo "2018"]
[PlyCount "75"]
[EventDate "2011.07.08"]

1. d4 Nf6 2. Nf3 g6 3. e3 Bg7 4. Be2 O-O 5. O-O c6 6. c4 d5 7. Nbd2 Bg4 8. b3
Re8 9. Bb2 Qd6 10. h3 Bf5 11. Ne5 Ne4 12. Bd3 f6 13. Bxe4 fxe5 14. Bxf5 gxf5
15. Qh5 Nd7 16. Qxf5 Rf8 17. Qg5 e4 18. cxd5 cxd5 19. Ba3 Qf6 20. Qxd5+ e6 21.
Qxd7 Rf7 22. Qb5 Qg6 23. Bd6 h5 24. Rac1 Rd8 25. Bg3 a6 26. Qb4 Rd5 27. Rc5
Rxc5 28. Qxc5 Rf5 29. Qc8+ Kh7 30. Qxb7 Ra5 31. a4 Rd5 32. Be5 Kg8 33. Bxg7
Qxg7 34. Qxg7+ Kxg7 35. Nxe4 Kf7 36. Nc5 e5 37. Nxa6 exd4 38. Nb4 1-0

[Event "Int. Championship of Central Serbia - OP"]
[Site "Paracin"]
[Date "2011.07.13"]
[Round "7.6"]
[White "Radovic, Janko"]
[Black "Stojkovic, Dragan D"]
[Result "1-0"]
[WhiteElo "1985"]
[BlackElo "1905"]
[PlyCount "113"]
[EventDate "2011.07.08"]

1. e4 d6 2. d4 f5 3. Nc3 Nf6 4. Bd3 fxe4 5. Nxe4 Nc6 6. Nxf6+ exf6 7. Qh5+ Ke7
8. Qe2+ Kf7 9. Bc4+ d5 10. Qh5+ g6 11. Qxd5+ Qxd5 12. Bxd5+ Kg7 13. Bxc6 bxc6
14. Be3 Rb8 15. O-O-O a5 16. Ne2 Be6 17. a3 Rb7 18. Bd2 Ra7 19. Nf4 Bf7 20.
Rhe1 Bd6 21. Ne6+ Bxe6 22. Rxe6 Kf7 23. Rde1 Rd8 24. R6e2 Raa8 25. c4 Bf8 26.
Bc3 c5 27. d5 Bd6 28. Re6 f5 29. Be5 Rd7 30. Rf6+ Kg8 31. Bxd6 cxd6 32. Ree6
Rad8 33. h4 Kg7 34. f3 Kh6 35. g4 fxg4 36. fxg4 Kg7 37. h5 gxh5 38. gxh5 Kg8
39. h6 Kh8 40. Kc2 a4 41. b3 axb3+ 42. Kxb3 Rb8+ 43. Kc3 Ra7 44. Rxd6 Rxa3+ 45.
Kc2 Ra2+ 46. Kd3 Kg8 47. Rf4 Ra3+ 48. Ke4 Re8+ 49. Re6 Raa8 50. Ke5 Rf8 51.
Rxf8+ Kxf8 52. Kd6 Rc8 53. Kd7 Ra8 54. d6 Ra4 55. Kc6 Rxc4 56. d7 Rd4 57. Rd6
1-0

[Event "Int. Championship of Central Serbia - OP"]
[Site "Paracin"]
[Date "2011.07.13"]
[Round "7.7"]
[White "Radovic, Luka"]
[Black "Zivkovic, Zivojin"]
[Result "1-0"]
[WhiteElo "1910"]
[BlackElo "1984"]
[PlyCount "53"]
[EventDate "2011.07.08"]

1. e4 d6 2. d4 Nf6 3. Bd3 g6 4. c3 e5 5. Ne2 Bg7 6. O-O O-O 7. Bg5 h6 8. Bh4 g5
9. Bg3 Nh5 10. Na3 Nc6 11. d5 Ne7 12. c4 a5 13. f3 f5 14. Bf2 b6 15. exf5 e4
16. fxe4 Bxb2 17. Nc2 Bxa1 18. Qxa1 c5 19. Be1 Nf6 20. Bc3 Kg7 21. Bxf6+ Rxf6
22. Ng3 Qe8 23. Be2 Qh8 24. Nh5+ Kf7 25. Ne3 Ng8 26. Ng4 Ke7 27. e5 1-0

[Event "Int. Championship of Central Serbia - OP"]
[Site "Paracin"]
[Date "2011.07.13"]
[Round "7.9"]
[White "Gagic, Miroljub"]
[Black "Djuretanovic, Ivan"]
[Result "0-1"]
[WhiteElo "1872"]
[BlackElo "2077"]
[PlyCount "156"]
[EventDate "2011.07.08"]

1. e4 e5 2. Nf3 Nc6 3. Bc4 Nf6 4. Ng5 d5 5. exd5 Na5 6. Bb5+ c6 7. dxc6 bxc6 8.
Be2 h6 9. Nf3 e4 10. Ne5 Bd6 11. d4 exd3 12. Nxd3 O-O 13. O-O Bb7 14. b3 c5 15.
Na3 Ne4 16. Bb2 Qg5 17. f4 Qe7 18. Bf3 c4 19. Nxc4 Nxc4 20. bxc4 Rac8 21. c5
Nxc5 22. Bxb7 Nxd3 23. cxd3 Qxb7 24. Be5 Bxe5 25. fxe5 Qd5 26. Qb3 Qd4+ 27. Kh1
Rc3 28. Qb7 Rxd3 29. e6 f6 30. h3 Qb6 31. Qxb6 axb6 32. Rad1 Re3 33. Rd6 Ra8
34. Rf2 b5 35. Rb2 Re5 36. Rb6 Kh7 37. R2xb5 Re1+ 38. Kh2 Rxa2 39. Rb2 Rxe6 40.
Rxa2 Rxb6 41. Kg3 Rb3+ 42. Kf2 h5 43. Rc2 Kh6 44. Ra2 h4 45. Rc2 Rb4 46. Ra2
Kg5 47. Rc2 Kf4 48. Ra2 f5 49. Rc2 g5 50. Ra2 Rd4 51. Rb2 Ke5 52. Re2+ Re4 53.
Ra2 Rb4 54. Ra5+ Ke4 55. Ra2 g4 56. hxg4 fxg4 57. Re2+ Kf5 58. Ra2 g3+ 59. Kf3
Rf4+ 60. Ke3 Rb4 61. Kf3 Rb3+ 62. Ke2 Rb5 63. Kf3 Kg5 64. Rc2 Rf5+ 65. Ke3 h3
66. gxh3 Kh4 67. Rc8 Kxh3 68. Ke2 Kh2 69. Rh8+ Kg1 70. Rg8 g2 71. Ke1 Re5+ 72.
Kd2 Kf2 73. Rf8+ Kg3 74. Rg8+ Kf3 75. Rg7 Re4 76. Rf7+ Rf4 77. Rg7 Rg4 78. Rf7+
Kg3 0-1

[Event "Int. Championship of Central Serbia - OP"]
[Site "Paracin"]
[Date "2011.07.13"]
[Round "7.10"]
[White "Nikolic, Vladimir"]
[Black "Kovacevic, Bozidar"]
[Result "1-0"]
[WhiteElo "1999"]
[BlackElo "1875"]
[Annotator "Milojevic,Boban"]
[PlyCount "63"]
[EventDate "2011.07.08"]

1. Nf3 c5 2. c4 g6 3. d4 cxd4 4. Qxd4 Nf6 5. Nc3 Nc6 6. Qd3 Bg7 7. a3 a5 8. g3
d6 9. Bg2 Bd7 10. O-O O-O 11. Bg5 Ng4 12. Qc2 Rb8 13. Rad1 b6 14. Rxd6 Qc8 15.
Rdd1 Re8 16. h3 Nge5 17. Nxe5 Nxe5 18. Nd5 f6 19. Bf4 Bxh3 20. Bxe5 fxe5 21.
Bxh3 Qxh3 22. Qe4 Qf5 23. Qe3 e4 24. b4 axb4 25. axb4 b5 26. cxb5 Rb7 27. b6 e6
28. Nc7 Reb8 29. Na6 Ra8 30. b5 Bf6 31. Rd6 Qxb5 32. Nc7 {...necitko} 1-0

[Event "Int. Championship of Central Serbia - OP"]
[Site "Paracin"]
[Date "2011.07.13"]
[Round "7.12"]
[White "Brinovec, David"]
[Black "Mijovic, Cedomir"]
[Result "0-1"]
[WhiteElo "1795"]
[BlackElo "1981"]
[PlyCount "86"]
[EventDate "2011.07.08"]

1. e4 c5 2. c3 e6 3. d4 cxd4 4. cxd4 d5 5. exd5 exd5 6. Nc3 Nc6 7. Nf3 Nf6 8.
Bd3 Be7 9. h3 O-O 10. O-O h6 11. Bf4 a6 12. a3 b5 13. b4 Be6 14. Qd2 Re8 15.
Rac1 Rc8 16. Rfe1 Bf8 17. Be5 Bd6 18. Bxd6 Qxd6 19. Bb1 Ne7 20. Ne5 Nd7 21.
Nxd7 Qxd7 22. Re3 Bf5 23. Rce1 Bxb1 24. Nxb1 Nf5 25. Rxe8+ Rxe8 26. Rxe8+ Qxe8
27. Nc3 Qc6 28. Qd3 g6 29. g4 Nh4 30. Qg3 g5 31. Qb8+ Kh7 32. Qa7 Qe6 33. Kf1
Kg7 34. Qb7 Nf3 35. Kg2 Ne1+ 36. Kf1 Nd3 37. Ne2 Qf6 38. Kg1 Qxf2+ 39. Kh1 Qxe2
40. Qxd5 Nf4 41. Qc6 Qf1+ 42. Kh2 Qxh3+ 43. Kg1 Qxg4+ 0-1

[Event "Int. Championship of Central Serbia - OP"]
[Site "Paracin"]
[Date "2011.07.13"]
[Round "7.13"]
[White "Bratkovic, Sham"]
[Black "Kosir, Franci"]
[Result "1-0"]
[WhiteElo "1792"]
[BlackElo "1978"]
[PlyCount "47"]
[EventDate "2011.07.08"]

1. e4 c5 2. Nf3 d6 3. d4 cxd4 4. Nxd4 Nf6 5. Nc3 g6 6. Be3 Bg7 7. f3 O-O 8. Qd2
Nc6 9. O-O-O Nxd4 10. Bxd4 Be6 11. Kb1 Qc7 12. h4 Rfc8 13. h5 Qa5 14. hxg6 hxg6
15. Bd3 Rab8 16. Be3 Rxc3 17. Qxc3 Qxa2+ 18. Kc1 Qa1+ 19. Kd2 Nxe4+ 20. fxe4
Bxc3+ 21. bxc3 Qa5 22. Rh4 Kg7 23. Rdh1 Rg8 24. Bh6+ 1-0

[Event "Int. Championship of Central Serbia - OP"]
[Site "Paracin"]
[Date "2011.07.13"]
[Round "7.14"]
[White "Jovic, Slavko"]
[Black "Bratkovic, Jakob"]
[Result "0-1"]
[WhiteElo "1957"]
[BlackElo "1838"]
[PlyCount "111"]
[EventDate "2011.07.08"]

1. e4 c5 2. d4 cxd4 3. c3 dxc3 4. Nxc3 e6 5. Bc4 a6 6. Bf4 Bb4 7. Nf3 Ne7 8.
O-O Ng6 9. Bg3 O-O 10. h4 Qa5 11. a3 Bxc3 12. bxc3 Nc6 13. Qd6 f5 14. h5 Nge7
15. e5 f4 16. Bh2 Nf5 17. Qd2 Nxe5 18. Nxe5 Qxe5 19. Bxf4 Qf6 20. Bg5 Qf7 21.
Be2 h6 22. Be3 d5 23. Bc5 Re8 24. g4 Qc7 25. gxf5 Qxc5 26. f6 gxf6 27. Qxh6 Qf8
28. Qe3 Kh7 29. Kh1 Bd7 30. Rg1 Bc6 31. Bd3+ f5 32. Qe5 Rad8 33. Rg3 Qf7 34.
Rg6 Rg8 35. Rag1 d4+ 36. Kh2 Qe7 37. Kh3 Rd5 38. Qf4 Rxg6 39. Rxg6 Qf8 40. c4
Rd7 41. Rxe6 Rf7 42. Qg5 Be4 43. Bxe4 fxe4 44. Qg6+ Kh8 45. Qxe4 Rf3+ 46. Kg4
Rxf2 47. Qxd4+ Kg8 48. Rg6+ Kh7 49. Qd7+ Rf7 50. Qe6 Rf4+ 51. Kg5 Rf7 52. Rh6+
Kg8 53. Qg6+ Rg7 54. Qxg7+ Kxg7 55. Rh7+ Kxh7 56. h6 0-1

[Event "Int. Championship of Central Serbia - OP"]
[Site "Paracin"]
[Date "2011.07.13"]
[Round "7.16"]
[White "Stojanovic, Vladimir M"]
[Black "Znidaric, Anze"]
[Result "1-0"]
[WhiteElo "1938"]
[BlackElo "1706"]
[PlyCount "121"]
[EventDate "2011.07.08"]

1. d4 d5 2. c4 c6 3. e3 Nf6 4. Nf3 Bg4 5. Qb3 Qc7 6. Ne5 Bf5 7. Nc3 e6 8. f3
Bd6 9. Bd2 Bxe5 10. dxe5 Nfd7 11. f4 O-O 12. Qa3 f6 13. cxd5 exd5 14. Rc1 Qd8
15. e4 d4 16. exf5 dxc3 17. Rxc3 fxe5 18. Qb3+ Kh8 19. Qxb7 Nb6 20. Be3 N8d7
21. Qxc6 exf4 22. Bxf4 Rxf5 23. g3 Nd5 24. Bd3 Rxf4 25. Qxd5 Qe8+ 26. Kd1 Rf2
27. Re1 Qd8 28. Re2 Rxe2 29. Bxe2 Nb6 30. Qxd8+ Rxd8+ 31. Rd3 Rxd3+ 32. Bxd3
Kg8 33. Kc2 h6 34. b4 Kf7 35. Kb3 Ke6 36. a4 Kd6 37. a5 Nd7 38. Be4 Ne5 39. Kc3
Ng4 40. h3 Ne5 41. Kd4 Nd7 42. Kc4 Ne5+ 43. Kb5 Kc7 44. Kc5 Nd7+ 45. Kd4 Kd6
46. b5 g5 47. g4 Nc5 48. Bd5 Nd7 49. b6 axb6 50. a6 b5 51. a7 Nb6 52. a8=Q Nxa8
53. Bxa8 Ke6 54. Bd5+ Kf6 55. Bb3 h5 56. Ke4 b4 57. Bc4 b3 58. Bxb3 Kg7 59. Kf5
Kh8 60. Kxg5 Kg7 61. Kxh5 1-0

[Event "Int. Championship of Central Serbia - OP"]
[Site "Paracin"]
[Date "2011.07.13"]
[Round "7.17"]
[White "Krstic, Aca"]
[Black "Radovic, Milos"]
[Result "1-0"]
[WhiteElo "2074"]
[BlackElo "1584"]
[PlyCount "105"]
[EventDate "2011.07.08"]

1. e4 Nf6 2. e5 Nd5 3. d4 d6 4. c4 Nb6 5. f4 dxe5 6. fxe5 Nc6 7. Be3 Bf5 8. Nf3
e6 9. Nbd2 Qd7 10. a3 O-O-O 11. Nb3 Bg4 12. Be2 f6 13. exf6 gxf6 14. Rc1 h5 15.
Qd2 Kb8 16. O-O Qg7 17. Rfd1 Rg8 18. Rc2 Bf5 19. Bd3 Bg4 20. Qf2 Be7 21. Bf1
Ne5 22. Nbd2 Nxf3+ 23. Nxf3 e5 24. Rdd2 e4 25. Ne1 Bc8 26. Rc3 f5 27. Bf4 h4
28. Nc2 Bg5 29. d5 Bf6 30. Nd4 Ka8 31. Rcc2 Bg5 32. Nb5 Rd7 33. c5 Bxf4 34.
Qxf4 e3 35. Rd1 Nc4 36. Bxc4 Re7 37. Re2 a6 38. Nc3 Re4 39. Nxe4 fxe4 40. Qxe3
Bg4 41. d6 Rf8 42. dxc7 Qxc7 43. Rde1 Bxe2 44. Rxe2 Qe7 45. b4 Qf6 46. Re1 Kb8
47. a4 Ka8 48. b5 axb5 49. axb5 Kb8 50. Bd5 Kc7 51. c6 bxc6 52. Bxc6 Kb8 53.
Qb6+ 1-0

[Event "Int. Championship of Central Serbia - OP"]
[Site "Paracin"]
[Date "2011.07.13"]
[Round "7.18"]
[White "Franca, Veronika"]
[Black "Zivanovic, Miroslav"]
[Result "0-1"]
[WhiteElo "1802"]
[BlackElo "2064"]
[PlyCount "28"]
[EventDate "2011.07.08"]

1. d4 Nf6 2. c4 e5 3. dxe5 Ne4 4. Nf3 b6 5. Qd5 Bb7 6. Qxb7 Nc6 7. Qa6 Bb4+ 8.
Bd2 Nc5 9. Qb5 Bxd2+ 10. Nbxd2 a6 11. Qxc6 dxc6 12. Rd1 Qe7 13. g3 f6 14. exf6
Nd3# 0-1

[Event "Int. Championship of Central Serbia - OP"]
[Site "Paracin"]
[Date "2011.07.13"]
[Round "7.19"]
[White "Jovanovic, Momir A"]
[Black "Zajic, Milun"]
[Result "0-1"]
[WhiteElo "2012"]
[BlackElo "1779"]
[PlyCount "44"]
[EventDate "2011.07.08"]

1. Nf3 Nf6 2. b3 g6 3. Bb2 Bg7 4. g3 b5 5. Bg2 Bb7 6. O-O d6 7. c4 bxc4 8. bxc4
c5 9. Qb3 Qc8 10. Nc3 Nbd7 11. a4 Rb8 12. Qc2 Bxf3 13. exf3 Ne5 14. d3 Nxd3 15.
Qxd3 Rxb2 16. Rfe1 a6 17. Qxd6 O-O 18. Rxe7 Rd8 19. Qc7 Qxc7 20. Rxc7 Ne8 21.
Rxc5 Bxc3 22. Rc1 Bd4 0-1

[Event "Int. Championship of Central Serbia - OP"]
[Site "Paracin"]
[Date "2011.07.13"]
[Round "7.20"]
[White "Djukanovic, Mitar"]
[Black "Trpkovic, Miroljub"]
[Result "1-0"]
[WhiteElo "1719"]
[BlackElo "1991"]
[PlyCount "67"]
[EventDate "2011.07.08"]

1. d4 d5 2. Bg5 Nf6 3. Bxf6 exf6 4. e3 c6 5. g3 Bd6 6. Bg2 O-O 7. Ne2 Bg4 8.
Qd3 Qd7 9. f3 Bf5 10. e4 dxe4 11. fxe4 Bh3 12. O-O Rd8 13. Nd2 Na6 14. Nb3 Rac8
15. Rad1 Bg4 16. Bf3 Bh3 17. Bg2 Bg4 18. Bf3 Bxf3 19. Qxf3 Qe7 20. c3 Re8 21.
Nd2 Bb8 22. Nf4 Qd7 23. Nc4 b5 24. Ne3 Qe7 25. e5 fxe5 26. Nf5 Qg5 27. Nh5 e4
28. Qe2 Re6 29. Nfxg7 Rg6 30. Rf5 Qh6 31. Rdf1 Rf8 32. Rf6 Qg5 33. Qxe4 Rxf6
34. Nxf6+ 1-0

[Event "Int. Championship of Central Serbia - OP"]
[Site "Paracin"]
[Date "2011.07.13"]
[Round "7.21"]
[White "Lazovic, Bozidar"]
[Black "Filipovic, Tomislav S"]
[Result "1/2-1/2"]
[WhiteElo "1744"]
[BlackElo "1912"]
[PlyCount "109"]
[EventDate "2011.07.08"]

1. e4 c5 2. b3 Nc6 3. Bb2 d6 4. Nf3 e5 5. Nc3 a6 6. a4 Bd7 7. h3 g6 8. Bc4 h6
9. d3 Rb8 10. Bc1 Bg7 11. Bd2 Nge7 12. O-O O-O 13. Nh2 Kh7 14. Rb1 Nd4 15. Nd5
b5 16. c3 Ne6 17. Nxe7 bxc4 18. Nd5 cxd3 19. Be3 c4 20. bxc4 Rxb1 21. Qxb1 Bxa4
22. Qxd3 Bc6 23. Ra1 Bb7 24. Bb6 Qc8 25. Nb4 Nf4 26. Qxd6 Qxc4 27. Qc7 Qxc7 28.
Bxc7 Ne2+ 29. Kf1 Nxc3 30. f3 Nb5 31. Bb6 Ra8 32. Ng4 h5 33. Ne3 Bf8 34. Ned5
Kg7 35. Ke2 f5 36. Kd3 f4 37. Ra4 Bd6 38. Ba5 Kf7 39. Nb6 Re8 40. N4d5 Ke6 41.
Bb4 Bb8 42. Ba5 g5 43. Nc3 Nd4 44. Nbd5 Bc6 45. Rb4 Nb5 46. Rc4 Bd7 47. Nb6 Bd6
48. Nxd7 Kxd7 49. Nd5 Rf8 50. Nb6+ Ke6 51. Nc8 Kd7 52. Nb6+ Ke6 53. Nc8 Kd7 54.
Nb6+ Ke6 55. Nc8 1/2-1/2

[Event "Int. Championship of Central Serbia - OP"]
[Site "Paracin"]
[Date "2011.07.13"]
[Round "7.23"]
[White "Velikic, Vule"]
[Black "Draskovic, Davor"]
[Result "0-1"]
[WhiteElo "1900"]
[BlackElo "1778"]
[PlyCount "94"]
[EventDate "2011.07.08"]

1. d4 Nf6 2. Nf3 e6 3. Bg5 c5 4. e3 b6 5. c3 Bb7 6. Bd3 Be7 7. Nbd2 Nc6 8. O-O
O-O 9. a3 cxd4 10. cxd4 d5 11. Rc1 h6 12. Bh4 Rc8 13. Qe2 Nh5 14. Bxe7 Qxe7 15.
Bb5 Nf6 16. Bxc6 Rxc6 17. Ne5 Rxc1 18. Rxc1 Rc8 19. Rxc8+ Bxc8 20. Qb5 Qc7 21.
Qc6 Qxc6 22. Nxc6 Bd7 23. Ne5 Kf8 24. Kf1 Ke7 25. Ke2 Bb5+ 26. Kd1 Nd7 27. Nxd7
Bxd7 28. f4 f6 29. Nf3 Be8 30. Kd2 Bh5 31. Ne1 Bg6 32. h4 Be4 33. g3 Kf7 34.
Nd3 Bxd3 35. Kxd3 Kg6 36. Ke2 Kf5 37. Kf3 h5 38. b3 a6 39. b4 b5 40. Kf2 Ke4
41. Ke2 f5 42. Kf2 Kd3 43. Kf3 Kc3 44. e4 Kxd4 45. exf5 exf5 46. Kf2 Ke4 47.
Ke2 d4 0-1

[Event "Int. Championship of Central Serbia - OP"]
[Site "Paracin"]
[Date "2011.07.13"]
[Round "7.24"]
[White "Milanovic, Maja"]
[Black "Unuk, Laura"]
[Result "0-1"]
[WhiteElo "1863"]
[BlackElo "1762"]
[PlyCount "98"]
[EventDate "2011.07.08"]

1. e4 d5 2. exd5 Nf6 3. d4 Bg4 4. f3 Bf5 5. g4 Bg6 6. c4 h5 7. g5 Nfd7 8. Bd3
Bxd3 9. Qxd3 c6 10. dxc6 Nxc6 11. g6 Nde5 12. gxf7+ Nxf7 13. d5 Nce5 14. Qe4
Qc7 15. Na3 Rc8 16. Bf4 Nd3+ 17. Qxd3 Qxf4 18. Qe4 Qxe4+ 19. fxe4 Nd6 20. e5
Nxc4 21. Rc1 Nb6 22. Rxc8+ Nxc8 23. Nb5 a6 24. Nc3 g5 25. Nf3 g4 26. Nd2 Bg7
27. e6 Nb6 28. Nde4 Bxc3+ 29. Nxc3 Rf8 30. Rf1 Rxf1+ 31. Kxf1 Kd8 32. Kf2 h4
33. Ke3 Kc7 34. Kd4 g3 35. hxg3 hxg3 36. Kc5 g2 37. Ne2 Na4+ 38. Kd4 Kd6 39. b3
Nb6 40. Ke3 Nxd5+ 41. Kf2 Kxe6 42. Kxg2 Ke5 43. Kf3 e6 44. a3 b6 45. Ng3 Kd4
46. Ne2+ Kd3 47. Kf2 e5 48. Kf3 Kc2 49. Ke4 Nc3+ 0-1

[Event "Int. Championship of Central Serbia - OP"]
[Site "Paracin"]
[Date "2011.07.13"]
[Round "7.25"]
[White "Antonijevic, Milutin"]
[Black "Gajic, Bozur"]
[Result "0-1"]
[WhiteElo "1845"]
[BlackElo "1723"]
[PlyCount "87"]
[EventDate "2011.07.08"]

1. e4 c5 2. Nf3 e6 3. Nc3 a6 4. d4 cxd4 5. Nxd4 Qc7 6. Bd3 Nf6 7. O-O Nc6 8.
Be3 Be7 9. Qf3 Ne5 10. Qe2 Neg4 11. Nf3 Nxe3 12. Qxe3 Ng4 13. Qe2 Bc5 14. e5 f5
15. h3 Nh6 16. Nd1 O-O 17. Ne3 b5 18. c4 b4 19. Nc2 Bb7 20. Rfe1 Nf7 21. Kh1
Qb6 22. Rf1 Qc6 23. Rg1 Qb6 24. Raf1 a5 25. Kh2 Kh8 26. Nd2 Qc7 27. Re1 g6 28.
Kh1 Ng5 29. h4 Nh3 30. Rgf1 Nf4 31. Qd1 Bxg2+ 32. Kg1 Bxf1 33. Kxf1 Qd8 34. Qf3
Qxh4 35. Kg1 Qg5+ 36. Kh2 Qh4+ 37. Kg1 g5 38. Re3 Bxe3 39. Qxe3 Qg4+ 40. Qg3
Qxg3+ 41. fxg3 Nxd3 42. Nd4 Kg7 43. Ne2 a4 44. Kg2 0-1